000 00581nam a2200241 a 4500
001 nice12345678
003 IN_TiNIC
005 20260116011743.0
008 050524s1965 hyda grp 000 0 urd
020 _a
_c0
082 0 0 _a297.831
_bTAD
100 _aTadbir, M Abdul Hakeem
245 _aZuhur-E-Mehdi
260 _aHyderabad
_bMarkazi Anjuman Taleemus Salat
_c1965
300 _a96p
500 _aincludes index and biblioraphy
505 2 _aill.
650 _aMahdavia
700 1 _aTadbir, M Abdul Hakeem
902 _bSRS
942 _cBK
999 _c3718
_d3718